000 00728cam a22002293a 4500
001 19424
003 PGUSA
005 20140828083418.0
008 061001s2006||||xxu|||||s|||||000 | eng d
040 _aPGUSA
_beng
042 _adc
050 4 _aNA
100 1 _aAddleshaw, Percy,
_d1866-1916
245 1 0 _aBell's Cathedrals :
_bThe Cathedral Church of Exeter : A Description of Its Fabric and a Brief History of the Episcopal See
_h[electronic resource] /
_cPercy Addleshaw
260 _bProject Gutenberg,
_c2006
506 _aPublic domain in the USA.
516 _aElectronic text
653 _aExeter Cathedral
830 0 _aProject Gutenberg
_v19424
856 4 0 _uhttp://www.gutenberg.org/ebooks/19424
942 _cEB
999 _c248679
_d248679